Tims by Picture - Statistics

General Stats
  • This quiz has been taken 38 times
  • The average score is 8 of 16
Answer Stats
Picture Hint Answer % Correct
Tim Allen
69%
Tim Burton
69%
Timothy Dalton
64%
Tim Robbins
64%
Tim McGraw
61%
Tim Duncan
56%
Tim Tebow
56%
Tim Curry
53%
Tiny Tim
53%
(HINT: coffee shop) Tim Horton
47%
Tim Walz
44%
Tim Cook
39%
Tim Roth
36%
Timmy Turner
28%
Timothy Olyphant
22%
Timothy Spall
17%
No matching quizzes found
Score Distribution
Percent of People with Each Score
Percentile by Number Answered
Your Score History
You have not taken this quiz